| 000 | 00461cam a22001337a 4500 | ||
|---|---|---|---|
| 008 | 180718b2005 xxu||||| |||| 00| 0 eng d | ||
| 082 | _aA81x54 01/1C | ||
| 100 | _aCensus of India 2001 | ||
| 245 | _aIndia: census and you (basic results from census 2001 catalogue and services) | ||
| 260 |
_aDelhi _bOffice of Registrar General & Census Commissioner, India _c2005 |
||
| 300 | _av.p. | ||
| 440 | _aCensus of India 2001. Series 1, India | ||
| 650 | _aIndia - Census | ||
| 999 |
_c486767 _d486767 |
||